<?xml version="1.0" encoding="UTF-8"?>
<marc:record xmlns:marc="http://www.loc.gov/MARC21/slim">
   <marc:leader>00000nam a2200000 a 4500</marc:leader>
   <marc:datafield ind1="1" ind2=" " tag="100">
      <marc:subfield code="a">Fitzek, Sebastian</marc:subfield>
      <marc:subfield code="4">aut</marc:subfield>
      <marc:subfield code="e">Verfasser/-in</marc:subfield>
   </marc:datafield>
   <marc:datafield ind1="0" ind2="0" tag="245">
      <marc:subfield code="a">Das Paket</marc:subfield>
   </marc:datafield>
   <marc:datafield ind1="0" ind2="0" tag="245">
      <marc:subfield code="b">Psychothriller</marc:subfield>
   </marc:datafield>
   <marc:datafield ind1="0" ind2="0" tag="245">
      <marc:subfield code="c">Sebastian Fitzek</marc:subfield>
   </marc:datafield>
   <marc:datafield ind1=" " ind2="1" tag="264">
      <marc:subfield code="a">München</marc:subfield>
      <marc:subfield code="b">Droemer Verlag</marc:subfield>
      <marc:subfield code="c">2016</marc:subfield>
   </marc:datafield>
   <marc:datafield ind1="1" ind2=" " tag="520">
      <marc:subfield code="a">Seit die junge Psychiaterin Emma Stein in einem Hotelzimmer vergewaltigt wurde, verlässt sie das Haus nicht mehr. Sie war das 3. Opfer eines Psychopathen, den die Presse den "Friseur" nennt - weil er den misshandelten Frauen die Haare vom Kopf schert, bevor er sie ermordet. Emma, die als Einzige mit dem Leben davonkam, fürchtet, der "Friseur" könnte sie erneut heimsuchen. In ihrer Paranoia glaubt sie in jedem Mann ihren Peiniger wiederzuerkennen, dabei hat sie den Täter nie zu Gesicht bekommen. Nur in ihrem kleinen Haus am Rande des Berliner Grunewalds fühlt sie sich noch sicher - bis der Postbote sie eines Tages bittet, ein Paket für ihren Nachbarn anzunehmen. (Verlagstext)</marc:subfield>
   </marc:datafield>
   <marc:datafield ind1=" " ind2=" " tag="020">
      <marc:subfield code="a">9783426199206</marc:subfield>
      <marc:subfield code="9">9783426199206</marc:subfield>
   </marc:datafield>
   <marc:datafield ind1=" " ind2=" " tag="041">
      <marc:subfield code="a">ger</marc:subfield>
   </marc:datafield>
   <marc:datafield ind1=" " ind2=" " tag="300">
      <marc:subfield code="a">361 Seiten</marc:subfield>
   </marc:datafield>
</marc:record>
